000 00488nam a22002057a 4500
001 25519
005 20260429113649.0
008 260429b |||||||| |||| 00| 0 spa d
041 _aESP
082 _a985.4
_bC28 T. 1 2019
100 _aCarpio Muñoz, Juan Guillermo
245 _aTexao:
_bArequipa y Mostajo
260 _a :
_b ,
_c2019
300 _a462 páginas :
_b ;
_c21 cm.
440 _a
650 _aLYR
654 _aCHU
700 _a;
942 _cLIB
_dJUS
_fJUS
_n0
_2ddc
999 _c25519
_d25519